Car Logo Quiz - Statistics

General Stats
  • This quiz has been taken 123 times
  • The average score is 12 of 15
Answer Stats
Picture Answer % Correct
Ford
94%
Tesla
94%
Honda
93%
Jaguar
92%
Volkswagen
92%
Toyota
90%
Audi
87%
Lexus
78%
Dodge
77%
Mazda
75%
Mini
74%
Volvo
72%
Fiat
68%
Lincoln
54%
Chevy
43%
No matching quizzes found
Score Distribution
Percent of People with Each Score
Percentile by Number Answered
Your Score History
You have not taken this quiz